[Event "EU-ch U14 Girls 27th"]
[Site "Mamaia"]
[Date "2017.09.14"]
[Round "9"]
[White "Puisor, Andrada Maria"]
[Black "Plaza Reino, Leire"]
[Result "0-1"]
[WhiteElo "1168"]
[BlackElo "1287"]
[PlyCount "94"]
[EventDate "2017.09.05"]
[EventType "swiss"]
[EventRounds "9"]
[EventCountry "ROU"]
[SourceTitle "EXT 2018"]
[Source "ChessBase"]
[SourceDate "2017.10.13"]
[SourceVersion "1"]
[SourceVersionDate "2017.10.13"]
[SourceQuality "1"]

1. d4 f5 2. Nf3 Nf6 3. e3 e6 4. Bd3 d5 5. 0-0 c6 6. Ne5 Nbd7 7. f4 Nxe5 8. fxe5 Nd7 9. Nd2 Be7 10. c3 0-0 11. Rf3 Nb6 12. Rh3 g6 13. Nf3 g5 14. Nd2 g4 15. Rh5 Qe8 16. Rh6 Bg5 17. Rf6 Bxf6 18. exf6 Rxf6 19. g3 Rh6 20. Nf1 e5 21. e4 Rf6 22. exf5 Bxf5 23. Bxf5 Rxf5 24. Qxg4+ Qg6 25. Qxg6+ hxg6 26. Ne3 Rh5 27. Ng4 Nd7 28. dxe5 Re8 29. Bd2 Kg7 30. Rf1 Rf5 31. Re1 Nxe5 32. Kg2 g5 33. a3 Kg6 34. h3 Kh5 35. b3 Re7 36. b4 Ng6 37. Nf2 Rfe5 38. Rf1 Re2 39. Rd1 Rf7 40. Be1 Ra2 41. Kg1 Rf3 42. Kg2 Rf6 43. Kg1 Rxa3 44. Kg2 Ne5 45. Kg1 g4 46. h4 Ra2 47. Kg2 Nf3 0-1

[Event "EU-ch U14 Girls 27th"]
[Site "Mamaia"]
[Date "2017.09.13"]
[Round "8"]
[White "Vicze, Zsofia"]
[Black "Puisor, Andrada Maria"]
[Result "1-0"]
[WhiteElo "1670"]
[BlackElo "1168"]
[PlyCount "89"]
[EventDate "2017.09.05"]
[EventType "swiss"]
[EventRounds "9"]
[EventCountry "ROU"]
[SourceTitle "CBM 180 Extra"]
[Source "ChessBase"]
[SourceDate "2017.10.06"]
[SourceVersion "1"]
[SourceVersionDate "2017.10.06"]
[SourceQuality "1"]

1. e4 c5 2. Nf3 Nc6 3. d4 cxd4 4. Nxd4 g6 5. c4 Bg7 6. Be3 Nf6 7. Nc3 0-0 8. Be2 d6 9. 0-0 a6 10. Rc1 Bd7 11. f4 Qb6 12. Qd2 Nxe4 13. Nxe4 Bxd4 14. Bf2 Qxb2 15. Qxb2 Bxb2 16. Rb1 Bd4 17. Rxb7 Bxf2+ 18. Kxf2 Bf5 19. Bf3 Rfe8 20. Nxd6 exd6 21. Bxc6 Rec8 22. Bd5 Be6 23. Re1 Bxd5 24. cxd5 Rc4 25. Kf3 Rd4 26. Ree7 Rf8 27. Rb6 Rxd5 28. Rxa6 Rd8 29. Raa7 Rf5 30. g4 Rf6 31. Red7 Rxd7 32. Rxd7 Kf8 33. a4 Ke8 34. Rb7 d5 35. a5 d4 36. Rb6 Rxb6 37. axb6 Kd8 38. Ke4 d3 39. Kxd3 Kc8 40. Kc4 Kb7 41. Kc5 f6 42. g5 fxg5 43. fxg5 Kc8 44. Kc6 Kb8 45. b7 1-0

[Event "EU-ch U14 Girls 27th"]
[Site "Mamaia"]
[Date "2017.09.07"]
[Round "3"]
[White "Czarnecka, Lidia"]
[Black "Puisor, Andrada Maria"]
[Result "1-0"]
[WhiteElo "1792"]
[BlackElo "1168"]
[PlyCount "57"]
[EventDate "2017.09.05"]
[EventType "swiss"]
[EventRounds "9"]
[EventCountry "ROU"]
[SourceTitle "CBM 180 Extra"]
[Source "ChessBase"]
[SourceDate "2017.10.06"]
[SourceVersion "1"]
[SourceVersionDate "2017.10.06"]
[SourceQuality "1"]

1. e4 c5 2. Nf3 g6 3. d4 cxd4 4. Nxd4 Bg7 5. Be3 Nf6 6. Nc3 Nc6 7. Bc4 0-0 8. Bb3 Ng4 9. Qxg4 Nxd4 10. Qd1 Nxb3 11. cxb3 d6 12. Bd4 Bh6 13. Nd5 Be6 14. 0-0 f5 15. Bc3 fxe4 16. Qd4 Kf7 17. Qxe4 Rc8 18. Rad1 Bf5 19. Qh4 Bg7 20. Bxg7 Kxg7 21. Qd4+ Kg8 22. Qxa7 e6 23. Ne3 Be4 24. Qd4 d5 25. Qe5 Qe7 26. Ng4 Kf7 27. Rc1 Ra8 28. Rc7 Rxa2 29. Qf6+ 1-0

[Event "ROM-ch U12 Girls"]
[Site "Calimanesti Caciulata"]
[Date "2016.04.23"]
[Round "7"]
[White "Puisor, Andrada Maria"]
[Black "Serbanuta, Teodora"]
[Result "0-1"]
[WhiteElo "1147"]
[BlackElo "1052"]
[PlyCount "118"]
[EventDate "2016.04.18"]
[EventType "swiss"]
[EventRounds "9"]
[EventCountry "ROU"]
[SourceTitle "CBM 172 Extra"]
[Source "ChessBase"]
[SourceDate "2016.06.21"]
[SourceVersion "1"]
[SourceVersionDate "2016.06.21"]
[SourceQuality "1"]

1. e4 e5 2. f4 Bc5 3. Nf3 d6 4. Bc4 Nf6 5. d3 Bg4 6. c3 Nc6 7. Nbd2 0-0 8. h3 Be6 9. Bxe6 fxe6 10. Nb3 Bb6 11. Qc2 Nd7 12. d4 exf4 13. 0-0 e5 14. Kh1 Qf6 15. Qd3 Rae8 16. Bd2 Ne7 17. Qc4+ Kh8 18. Qe2 Ng6 19. Rad1 Nh4 20. Nxh4 Qxh4 21. Be1 Qh6 22. Rd2 Rf6 23. Qd3 Ref8 24. Rdf2 Rg6 25. Nd2 Nf6 26. Rf3 c6 27. Nc4 Bc7 28. a3 b5 29. Nd2 Bd8 30. b4 Be7 31. Nb3 d5 32. Nd2 Qg5 33. R1f2 Nd7 34. Nb3 Nb6 35. Na5 Rc8 36. dxe5 Nc4 37. Rxf4 Nxe5 38. Qe3 h6 39. Qxa7 Nd3 40. Qe3 Nxf4 41. Qxf4 Qxf4 42. Rxf4 Bd6 43. Rh4 Rf6 44. Kg1 Rcf8 45. g3 Rf1+ 46. Kg2 Rxe1 47. Rf4 Bxf4 48. gxf4 Rxf4 49. Kg3 Rexe4 50. Nxc6 Rf6 51. Nd4 Re3+ 52. Kg4 Rxc3 53. Nxb5 Rc4+ 54. Kg3 Re6 55. Kf3 Rf6+ 56. Ke3 Re4+ 57. Kd3 Rf3+ 58. Kd2 Rxh3 59. Kc2 Rg4 0-1